Balancing conflicting goals: the big challenge for governments (Record no. 64092)

000 -LEADER
fixed length control field 01155pab a2200169 454500
008 - FIXED-LENGTH DATA ELEMENTS--GENERAL INFORMATION
fixed length control field 180718b2004 xxu||||| |||| 00| 0 eng d
100 ## - MAIN ENTRY--PERSONAL NAME
Personal name Argy, Fred
245 ## - TITLE STATEMENT
Title Balancing conflicting goals: the big challenge for governments
260 ## - PUBLICATION, DISTRIBUTION, ETC.
Date of publication, distribution, etc. 2004
300 ## - PHYSICAL DESCRIPTION
Extent p.22-28.
362 ## - DATES OF PUBLICATION AND/OR SEQUENTIAL DESIGNATION
Dates of publication and/or sequential designation Dec
520 ## - SUMMARY, ETC.
Summary, etc. Australians are now reaping the economic fruits of two decades of reform and structural change. But they are being asked to turn their backs on egalitarian values once considered untouchable. This article examines key changes and applies two tests: first, could Australia have achieved broadly the same economic benefits with less equity sacrifice; and second, did the shift in policy values towards individualism and materialism adequately reflect the community's own preferences and priorities? The article suggests that the economic and social policy revolution of the last two decades does not fully meet these tests. The policy trade-offs could have been managed better. - Reproduced.
650 ## - SUBJECT ADDED ENTRY--TOPICAL TERM
Topical term or geographic name entry element Administrative reform - Australia
650 ## - SUBJECT ADDED ENTRY--TOPICAL TERM
Topical term or geographic name entry element Administrative reform
773 ## - HOST ITEM ENTRY
Main entry heading Australian Journal of Public Administration
909 ## -
-- 64092
Holdings
Withdrawn status Lost status Damaged status Not for loan Permanent Location Current Location Date acquired Serial Enumeration / chronology Barcode Date last seen Price effective from Koha item type
        Indian Institute of Public Administration Indian Institute of Public Administration 2018-07-19 Volume no: 63, Issue no: 4 AR64544 2018-07-19 2018-07-19 Articles

Powered by Koha